LEADER 01643nam 2200553 450 001 9910789204103321 005 20220702194342.0 010 $a2-296-81352-6 010 $a2-296-46641-9 035 $a(CKB)3400000000126557 035 $a(SSID)ssj0000708401 035 $a(PQKBManifestationID)12305291 035 $a(PQKBTitleCode)TC0000708401 035 $a(PQKBWorkID)10647661 035 $a(PQKB)11687111 035 $a(MiAaPQ)EBC6669222 035 $a(Au-PeEL)EBL6669222 035 $a(OCoLC)1260346581 035 $a(EXLCZ)993400000000126557 100 $a20220702d2011 uy 0 101 0 $afre 135 $aurcnu|||||||| 181 $ctxt 182 $cc 183 $acr 200 00$aInternet, Machines a? Voter et De?mocratie /$fsous la direction de Elsa Forey et Christophe Geslot 210 1$aParis :$cL'Harmattan,$d[2011] 210 4$dİ2011 215 $a1 online resource (240 pages) 225 1 $aQuestions Contemporaines 300 $aBibliographic Level Mode of Issuance: Monograph 311 $a2-296-55365-6 410 0$aCollection Questions contemporaines. 606 $aInternet voting 606 $aVoting-machines$xTechnological innovations 606 $aDemocracy 615 0$aInternet voting. 615 0$aVoting-machines$xTechnological innovations. 615 0$aDemocracy. 676 $a324.65 702 $aForey$b Elsa 702 $aGeslot$b Christophe 801 0$bMiAaPQ 801 1$bMiAaPQ 801 2$bMiAaPQ 906 $aBOOK 912 $a9910789204103321 996 $aInternet, Machines a? Voter et De?mocratie$93748004 997 $aUNINA LEADER 02710oam 2200589Mu 450 001 9910279591203321 005 20211215042354.0 010 $a0-429-00047-2 010 $a0-429-50598-1 010 $a1-138-58449-5 024 7 $a10.26530/OAPEN_1000187 035 $a(CKB)4100000004910872 035 $a(OAPEN)1000187 035 $a(OCoLC)1031316045 035 $a(OCoLC)1051780486 035 $a(OCoLC-P)1051780486 035 $a(FlBoTFG)9780429505980 035 $a(MiAaPQ)EBC7245247 035 $a(Au-PeEL)EBL7245247 035 $a(ScCtBLL)2572bb57-becc-4c05-9d2b-3033b952666b 035 $a(OCoLC)1050732604 035 $a(OCoLC)1378934069 035 $a(EXLCZ)994100000004910872 100 $a20180628d2018 uy 101 0 $aeng 135 $aurun||||||||| 181 $2rdacontent 182 $2rdamedia 183 $2rdacarrier 200 10$aCone penetration testing 2018 $eproceedings of the 4th international symposium on cone penetration testing (CPT'18), 21-22 June, 2018, Delft, the Netherlands /$fedited by Michael A. Hicks, Federico Pisano? and Joek Peuchen 205 $aFirst edition. 210 $aLeiden $cCRC Press$d2018 215 $a1 online resource (757) 311 08$a0-429-00048-0 327 $achapter Keynote papers -- chapter CPT?18 papers. 330 $aCone Penetration Testing 2018 contains the proceedings of the 4th International Symposium on Cone Penetration Testing (CPT'18, Delft, The Netherlands, 21-22 June 2018), and presents the latest developments relating to the use of cone penetration testing in geotechnical engineering. It focuses on the solution of geotechnical challenges using the cone penetration test (CPT), CPT add-on measurements and companion in-situ penetration tools (such as full flow and free fall penetrometers), with an emphasis on practical experience and application of research findings. The peer-reviewed papers have been authored by academics, researchers and practitioners from many countries worldwide and cover numerous important aspects, ranging from the development of innovative theoretical and numerical methods of interpretation, to real field applications. 606 $aTechnology, engineering, agriculture$2bicssc 610 $aDevelopment 610 $aCone penetration testing 610 $aGeotechnical engineering 610 $aCPT 615 7$aTechnology, engineering, agriculture 676 $a631.4/33 702 $aPeuchen$b Joek 702 $aPisano?$b Federico 702 $aHicks$b M. A$g(Michael A.), 801 0$bOCoLC-P 801 1$bOCoLC-P 906 $aBOOK 912 $a9910279591203321 996 $aCone penetration testing 2018$92137751 997 $aUNINA